000 00784nam a2200229 a 4500
001 52739
003 BD-RjUL
005 20211209075843.0
008 160926s1977 bg ||||| |||| 00| 0 ben d
020 _c: TK 35.00
035 _a(BD-RjUL)52859
040 _aBD-RjUL
_bben
_cBD-RjUL
041 _aben
082 _223
_a510
_bALG 1977
100 _aআলী, মুহম্মদ আনওয়ার
_9157716
245 1 0 _aগণিত শিক্ষণ /
_c মুহম্মদ আনওয়ার আলী
260 _aঢাকা :
_bবাংলা একাডেমী,
_c১৯৭৭
300 _a৪৫৬ পৃ. :
_bচিত্র ;
_c১৯ সেমি.
650 _aগণিত
_9157717
650 _aMathematics
_9157718
942 _2ddc
_cBK
999 _c52739
_d52739